Olympic 200M Champions - Women - Statistics

General Stats
  • This quiz has been taken 12 times
  • The average score is 4 of 20
Answer Stats
Year City Winner Nationality % Correct
1988 Seoul Florence Griffith-Joyner 🇺🇸
82%
2020 Tokyo Elaine Thompson 🇯🇲
73%
2016 Rio Elaine Thompson 🇯🇲
73%
2012 London Allyson Felix 🇺🇸
45%
2024 Paris Gabby Thomas 🇺🇸
45%
2008 Beijing Veronica Campbell-Brown 🇯🇲
27%
1996 Atlanta Marie-José Pérec 🇫🇷
18%
1952 Helsinki Marjorie Jackson 🇦🇺
18%
1976 Montreal Bärbel Eckert East 🇩🇪
9%
1980 Moscow Bärbel Wöckel East 🇩🇪
9%
1992 Barcelona Gwen Torrence 🇺🇸
9%
1972 Munich Renate Stecher East 🇩🇪
9%
2004 Athens Veronica Campbell-Brown 🇯🇲
9%
1956 Melbourne Betty Cuthbert 🇦🇺
0%
1964 Tokyo Edith McGuire 🇺🇸
0%
1948 London Fanny Blankers-Koen 🇳🇱
0%
1968 Mexico Irena Szewinska 🇵🇱
0%
2000 Sydney Pauline Davis-Thompson 🇧🇸
0%
1984 Los Angeles Valerie Brisco-Hooks 🇺🇸
0%
1960 Rome Wilma Rudolph 🇺🇸
0%
No matching quizzes found
Score Distribution
Percent of People with Each Score
Percentile by Number Answered
Your Score History
You have not taken this quiz